Desarrollo económico y desarrollo político /

Guardado en:
Autor Principal: Jaguaribe, Helio
Formato: Libro
Publicado: Argentina : Eudeba, 1968
Edición:2a. ed.
Materias:
Etiquetas: Agregar Etiqueta
Sin Etiquetas, Sea el primero en etiquetar este registro!
LEADER 00958nam a22002295a 4500
001 CEM.cems003442
005 19000101000000.0
008 130507s1968##################000#0#####d
003 CEMS
082 0 4 |a 338.9 
100 1 |a Jaguaribe, Helio 
245 1 0 |a Desarrollo económico y desarrollo político /  |c Helio Jaguaribe 
250 |a 2a. ed. 
260 |a Argentina :  |b Eudeba,  |c 1968 
300 |a 213 p. 
505 0 |a Finalidad del planeamiento; La participacion equitativa de todos; El dinero; Las inversiones; El comercio exterior; La movilidad de los recursos; El control social de los negocios; La nacionalizacion; Como planear; APENDICES:Sobre la union economica; Sobre planeacion en los paises atrasados 
653 |a Desarrollo economico 
653 |a Desarrollo politico 
653 |a Desarrollo-latinoamerica 
653 |a Economia brasileña-historia 
653 |a Estado y economia-brasil 
859 |a CEMS  |b BIB. CEMS - 11 de abril  |h 338.9  |i J181  |p 714.73  |t Ej.1